000 00903nam a22001937a 4500
005 20240212114549.0
010 _aHIN-126859
020 _a9788119133895
_c395.00
035 _aHN-99205
037 _bDBAD/PUB
082 _a821
_21
_b1
100 _aवर्मा , सत्यमोहन
_961893
245 _aकशितयो वाला सफ़र
_hहिंदी
_cसत्यमोहन वर्मा
260 _aप्रयागराज
_bलोकभारती प्रकाशन
_c2023
270 _bप्रयागराज
_aपहली मंजिल , दरबारी बिल्डिंग , महात्मा गांधी मार्ग
_e211001
300 _a 93 व्पृ..
_c22सेमी सजिल्द
700 _961818
_aवर्मा , सत्यमोहन
942 _2ddc
_cHN
_h821
_mवमस
_e1
999 _c200651
_d200651